les objet d'undertale - Statistiques

Statistiques générales
  • Ce quiz a été pris 40 fois
  • Le résultat moyen est 9 sur 53
Statistiques - réponses
hint Réponse % Correct
arme de base du jeu Bâton
77%
il s'agit a la fois d'un objet de soinset d'une armure Pansement
63%
objet ostensible entre les ruineset la maison de toriel Couteau en Plastique
53%
le soins le plus puisant du jeu tarte
53%
premier item récupérable dans les ruines BonbonMonstre
43%
objet caché dans des buisson dans leschutes Ballerines
33%
achetable a 2 endroit : une fois pour7 po et une fois pour 9999 po Arachnodonut
30%
objet que sans te vent a calcitaire Hot Dog...?
27%
arme uniquement obtenable en génocide Vrai Couteau
27%
objet vendue pour 120 po dans l'hotel Glamburger
23%
objet que sans te vend quand il n'a "plus"de stock de l'objet précédemment indiqué Hot cat
23%
trouvé derrière une cascade Vieux Tutu
23%
achetable juste avant l'autel Chapeau de Cow-boy
20%
objet de soins qui baisse le nombrede vues l'ors du combat contre mettaton Malbouffe
20%
morceaux d'un monstre a couveneige Morceau de Bonhomme de Neige
20%
trouvé en tombant dans un troudans les ruines Ruban Délavé
20%
achetable a 2 endroit : une fois pour14 po et une fois pour 9999 po Arachnocidre
17%
obtenable uniquement en genocide Médaillon
17%
objet qui donne un nombre de pv diffèrenten fonction de la route que le joueur a décidé de suivre Nouilles Instantanées
17%
objet que temmie vent 3 fois Temmie Flakes
17%
achetable a un prix tout a fait raisonable atemmie Armure Temmie
13%
achetable a couveneige pour 50 po Bandana Viril
13%
donné automatiquement dans une salle précisedans les chutes et disparait quand on en sort Chien Pénible
13%
objet directement obtenue dans le coffre al'entrée de snowdin Gant de Maraud
13%
objet qui augmente l'attaque de 4 Héros Légendaire
13%
a donnée a alphys en route pasifiste Lettre d'Undyne
13%
objet qui offre le plus de frame d'invulnérabilité du jeu Lunettes Sales
13%
achetable a gerson pour 25 po Pomme Rainette
13%
objet trouvable sous un banc Quiche Abandonnée
13%
premier item mangeable 2 fois Biscuimo
10%
arme offrant des frames d'invulnérabilité Calepin Déchiré
10%
permet d'ouvrir une maison dans les chutes Clé Mystérieuse
10%
arme obtenable en route neutredans new home Dague Émoussée
10%
objet achetable a couveneige etdans les chutes Glace Gentilly
10%
achetable a couveneige dans la villepour 25 po lapain a la cannelle
10%
obtenable a new home Médaillon Cœur
10%
item trouvé dans une glacière a ladécharge Nourriture Astronaute
10%
arme vendue juste avant l'autel Pistolet Vide
10%
objet de cuisine qui sert d'arme Poêle Carbonisée
10%
obtenable a calcitaire au 2éme étage Tablier Taché
10%
la moitier de l'item précèdent Uniscuimo
10%
objet donné en échage d'un autre objetdans l'hotel Chiocolatine
7%
objet vendue dans le vrais laboratoire Chisps
7%
objet obtenue contre asriel Dernier Rêve
7%
achetable a gerson pour 18po Lassi Thé
7%
objet qui se démultiplie lui même quand onl'utilise Résidu Canin
7%
objet redonnant un nombre de pv aléatoire Salade Canine
7%
objet de soin qui a l'effet inverse de l'objetqui est décrit 2 casses au dessus Starfait
7%
objet que l'on peut acheté qu'une seul fois Steak en forme de Tête de Mettaton
7%
donnée pour accédé au vrai laboratoire Lettre d'Undyne EX
3%
objet obtenue contre un amalgame Mauvais Souvenir
3%
objet surutilisé en speedrun et obtenable pour3 fois le même object Poing de fidélité
3%
seul item unique au hard mod tarte aux Escargots
3%
Aucun quiz correspondant
Distribution des résultats
% des personnes avec chaque résultat
Percentile par nombre de réponses
Votre historique - résultats
Vous n’avez pas pris ce quiz